| 000 | 01696nam a2200241Ia 4500 | ||
|---|---|---|---|
| 999 |
_c51668 _d51668 |
||
| 001 | 18659 | ||
| 003 | GE_BSU | ||
| 005 | 20210406140146.0 | ||
| 008 | 181216s2016||||ge |||||||||||||| ||geo|| | ||
| 040 | _cGE_BSU | ||
| 041 | _ageo | ||
| 080 | _a33 შ-44 | ||
| 100 |
_aშელია, ბაჩანა _911110 |
||
| 245 |
_aსაინფორმაციო ტექნოლოგიების გლობალური შესაძლებლობები საქართველოში სასტუმრო ბიზნესის ეფექტიან განვითარებაში / _cბაჩანა შელია; სამეცნიერო ხელმძღვანელი პაატა ჩაგანავა; ბსუ. ეკონომიკისა და ბიზნესის ფაკულტეტი. |
||
| 264 |
_aბათუმი : _bბათუმის შოთა რუსთაველის სახ. უნ-ტის გამ-ბა, _c2016. |
||
| 300 |
_a166გვ. ; _b30 სმ. |
||
| 504 | _aბიბლიოგრ. გვ. 154-166 | ||
| 653 | _aდისერტაცია | ||
| 653 | _aეკონომიკა | ||
| 653 | _aსაინფორმაციო ტექნოლოგიების გლობალური შესაძლებლობები საქართველოში სასტუმრო ბიზნესის ეფექტიან განვითარებაში | ||
| 700 |
_aჩაგანავა, პაატა _e სამეცნიერო ხელმძღვანელი _91685 |
||
| 942 |
_cBK _2udc |
||